000 00716nam a2200229 a 4500
001 BRCA_7374
005 20190320205819.0
008 090313s1946----u--a######---#000-0#eng-#
041 _aeng
044 _au
050 4 _aHG3851
_b.A53 1946
100 1 _aAnderson, Benjamín M.
_918215
245 1 0 _aHas New Deal planning been a success?
_cBenjamín M. Anderson.
260 _aLos Ángeles, California
_bCapital Research Co.
_c1946
300 _a11 p.
_bil., retratos
500 _aReprinted from The Commercial and Financial Chronicle, october 31, 1946
500 _aQ72
650 1 4 _aFinanzas
_zEstados Unidos
_96161
651 4 _aEstados Unidos
_xPolítica económica
_96162
902 _aGFM
942 _2lcc
_cB
999 _c7050
_d7050